[Event "3. Open Pueblo Nuevo"]
[Site "Madrid ESP"]
[Date "2006.10.06"]
[Round "1.1"]
[White "Fernandez Lledo, Javier"]
[Black "Prieto Honorato, Juan Maria"]
[Result "0-1"]
[WhiteElo "1907"]
[BlackElo "2158"]
[PlyCount "72"]
[EventDate "2006.10.06"]
[EventType "swiss"]
[EventRounds "9"]
[EventCountry "ESP"]
[Source "lmi"]
[SourceDate "2006.10.06"]

1. e4 g6 2. Nf3 Bg7 3. d4 d6 4. Be3 Nf6 5. Nc3 O-O 6. Be2 Ng4 7. Bf4 Nc6 8. h3
Nf6 9. O-O a6 10. Qd2 b5 11. a3 Bb7 12. d5 Nb8 13. Bh6 Nbd7 14. Bxg7 Kxg7 15.
b4 c6 16. Nh2 cxd5 17. exd5 Nb6 18. Bf3 Nc4 19. Qd4 Qb6 20. Qxb6 Nxb6 21. Rfd1
Rac8 22. Rd3 Rc7 23. Ng4 Nxg4 24. Bxg4 h5 25. Bd1 Rfc8 26. Na2 Bxd5 27. Rg3 Kf8
28. Nc1 Na4 29. Nd3 Nc3 30. Nf4 Bb7 31. Bf3 Ne4 32. Bxe4 Bxe4 33. Re3 Bb7 34.
Rc1 e5 35. Ne2 Rxc2 36. Rd1 Ke7 0-1

[Event "3. Open Pueblo Nuevo"]
[Site "Madrid ESP"]
[Date "2006.10.06"]
[Round "1.2"]
[White "Del Barrio Garcia, Alberto"]
[Black "Nuñez Muñoz, Jesus"]
[Result "0-1"]
[WhiteElo "2002"]
[BlackElo "2184"]
[PlyCount "72"]
[EventDate "2006.10.06"]
[EventType "swiss"]
[EventRounds "9"]
[EventCountry "ESP"]
[Source "lmi"]
[SourceDate "2006.10.06"]

1. e4 c5 2. Nf3 Nc6 3. d4 cxd4 4. Nxd4 Nf6 5. Nc3 d6 6. Bg5 e6 7. Qd2 Be7 8. f3
O-O 9. O-O-O Nxd4 10. Qxd4 Qa5 11. h4 e5 12. Qd2 Be6 13. Kb1 Rfd8 14. Nd5 Qxd2
15. Nxe7+ Kf8 16. Rxd2 Kxe7 17. c4 h6 18. Be3 b6 19. Be2 Rac8 20. b3 Nd7 21. g4
Nc5 22. Rc1 Rd7 23. b4 Nb7 24. c5 dxc5 25. Rxd7+ Kxd7 26. f4 exf4 27. Bxf4 cxb4
28. Bb5+ Ke7 29. Rxc8 Bxc8 30. Ba6 Kd8 31. Bc4 Nc5 32. Bxf7 Bxg4 33. Bg6 Bf3
34. h5 Bxe4+ 35. Ka1 Bxg6 36. hxg6 Ke7 0-1

[Event "3. Open Pueblo Nuevo"]
[Site "Madrid ESP"]
[Date "2006.10.06"]
[Round "1.3"]
[White "Aziz Ortego, Omar"]
[Black "Sotnikov, Taras"]
[Result "0-1"]
[WhiteElo "2096"]
[BlackElo "1862"]
[PlyCount "140"]
[EventDate "2006.10.06"]
[EventType "swiss"]
[EventRounds "9"]
[EventCountry "ESP"]
[Source "lmi"]
[SourceDate "2006.10.06"]

1. d4 Nf6 2. Bf4 e6 3. Nd2 d5 4. Ngf3 Bd6 5. Bg3 O-O 6. e3 Re8 7. c4 Nbd7 8.
cxd5 Bxg3 9. hxg3 exd5 10. Qc2 Ne4 11. Nxe4 dxe4 12. O-O-O Nf6 13. Ne5 Be6 14.
Bc4 Bd5 15. Kb1 c6 16. g4 h6 17. f3 Bxc4 18. Qxc4 Qd5 19. Rc1 Qxc4 20. Rxc4 Nd5
21. fxe4 Nxe3 22. Rc3 Nxg2 23. Rg3 Nf4 24. Re1 Ne6 25. Nf3 Rad8 26. Rd1 Nf4 27.
e5 Ng6 28. g5 Nxe5 29. Nxe5 Rxe5 30. gxh6 g6 31. Rf1 Rh5 32. Re3 Rd7 33. Rfe1
Kh7 34. Kc2 Kxh6 35. Kc3 Rhd5 36. Rh3+ Kg7 37. Re4 f5 38. Reh4 Kf6 39. Rh2 Re7
40. R2h3 Rdd7 41. a4 Re4 42. Rxe4 fxe4 43. a5 a6 44. Rh1 Re7 45. Rf1+ Kg7 46.
Kd2 e3+ 47. Ke2 g5 48. d5 cxd5 49. Rf5 Kg6 50. Rxd5 Kh5 51. Rd1 g4 52. Rh1+ Kg5
53. Rg1 Kf4 54. Rf1+ Kg3 55. Rg1+ Kh3 56. Rh1+ Kg2 57. Rh4 g3 58. b4 Kg1 59.
Rh3 g2 60. Rh4 Rf7 61. Rh6 Rf2+ 62. Kd1 Rf4 63. Ke2 Rxb4 64. Rh7 Rb5 65. Kxe3
Kf1 66. Rf7+ Ke1 67. Rg7 Rb3+ 68. Ke4 Kf2 69. Rf7+ Kg1 70. Kf4 Kh2 0-1

[Event "3. Open Pueblo Nuevo"]
[Site "Madrid ESP"]
[Date "2006.10.06"]
[Round "1.4"]
[White "Salgado Lopez, Oscar"]
[Black "Picon Rodriguez, Jose"]
[Result "1-0"]
[WhiteElo "2199"]
[BlackElo "2027"]
[PlyCount "69"]
[EventDate "2006.10.06"]
[EventType "swiss"]
[EventRounds "9"]
[EventCountry "ESP"]
[Source "lmi"]
[SourceDate "2006.10.06"]

1. e4 c5 2. Nf3 d6 3. d4 cxd4 4. Nxd4 Nf6 5. Nc3 a6 6. f3 e6 7. Be3 b5 8. Qd2
Nbd7 9. g4 Ne5 10. g5 Nfd7 11. f4 Nc4 12. Bxc4 bxc4 13. O-O-O Qc7 14. f5 Ne5
15. Bf4 Be7 16. Rhg1 Rb8 17. g6 hxg6 18. fxg6 fxg6 19. Qg2 Bf6 20. Bxe5 dxe5
21. Qxg6+ Qf7 22. Nf3 Rh3 23. Rdf1 Qxg6 24. Rxg6 Rb7 25. Rg3 Rxg3 26. hxg3 Rf7
27. Kd1 Bd7 28. Ke2 Bc6 29. Nd2 Rd7 30. Nxc4 Rd4 31. Nd2 Rb4 32. b3 Bd7 33. Nc4
Bb5 34. Nxb5 axb5 35. c3 1-0

[Event "3. Open Pueblo Nuevo"]
[Site "Madrid ESP"]
[Date "2006.10.06"]
[Round "1.5"]
[White "Martin Prieto, Oscar"]
[Black "Prieto Honorato, Jose Carlos"]
[Result "0-1"]
[WhiteElo "2163"]
[BlackElo "1971"]
[PlyCount "72"]
[EventDate "2006.10.06"]
[EventType "swiss"]
[EventRounds "9"]
[EventCountry "ESP"]
[Source "lmi"]
[SourceDate "2006.10.06"]

1. c4 d6 2. Nc3 g6 3. g3 Bg7 4. Bg2 c5 5. d3 Nc6 6. e4 Nf6 7. Nge2 O-O 8. O-O
a6 9. Bg5 Rb8 10. Qd2 b5 11. Rae1 b4 12. Nd1 Nd7 13. f4 h6 14. Bh4 Nd4 15. g4
b3 16. Ndc3 bxa2 17. Nxd4 Bxd4+ 18. Bf2 Qb6 19. Bxd4 cxd4 20. Nd5 Qd8 21. f5 g5
22. f6 Nxf6 23. Nxf6+ exf6 24. Qf2 Bxg4 25. Kh1 Qe7 26. Ra1 Rb3 27. h3 Bd7 28.
Rxa2 Rxd3 29. Rxa6 Bxh3 30. Bxh3 Rxh3+ 31. Kg2 Rh4 32. Qxd4 Rxe4 33. Qxf6 Re2+
34. Kg3 Qe3+ 35. Qf3 Qe5+ 36. Kg4 Re4+ 0-1

[Event "3. Open Pueblo Nuevo"]
[Site "Madrid ESP"]
[Date "2006.10.06"]
[Round "1.7"]
[White "Ruiz Quevedo, Andres"]
[Black "Adedeji, Adekola"]
[Result "1/2-1/2"]
[WhiteElo "1879"]
[BlackElo "2109"]
[PlyCount "121"]
[EventDate "2006.10.06"]
[EventType "swiss"]
[EventRounds "9"]
[EventCountry "ESP"]
[Source "lmi"]
[SourceDate "2006.10.06"]

1. e4 e5 2. f4 exf4 3. Qf3 Qh4+ 4. g3 fxg3 5. hxg3 Qf6 6. Nc3 Bd6 7. Bc4 Qxf3
8. Nxf3 Bxg3+ 9. Ke2 d5 10. Nxd5 c6 11. Ne3 Bf4 12. d4 b5 13. Bd3 Bd7 14. a4
bxa4 15. Rg1 g6 16. Bd2 Ne7 17. Bb4 Be6 18. Ng4 Nd7 19. Rxa4 h5 20. Nge5 Nxe5
21. Nxe5 Bxe5 22. dxe5 Kd7 23. Bc5 Rhb8 24. b3 Nc8 25. Rd4+ Ke8 26. Bc4 Bxc4+
27. Rxc4 Nb6 28. Rc3 Nd7 29. Bd6 Rb5 30. e6 Ne5 31. exf7+ Kxf7 32. Bxe5 Rxe5
33. Rxc6 Rg8 34. Ke3 g5 35. Kd4 Rge8 36. Rc7+ Kg6 37. Rxa7 Rxe4+ 38. Kd3 h4 39.
Ra6+ R8e6 40. Ra8 h3 41. Rg8+ Kf6 42. Rf1+ Rf4 43. Rf8+ Ke5 44. R1xf4 gxf4 45.
Rh8 Kf5 46. Rxh3 Kg4 47. Rh8 Kg3 48. Rg8+ Kf3 49. b4 Rd6+ 50. Kc4 Ke2 51. Kc5
Rf6 52. b5 f3 53. Rg1 f2 54. Ra1 Rg6 55. c4 Rg1 56. Ra2+ Ke3 57. Rxf2 Kxf2 58.
b6 Rb1 59. Kc6 Ke3 60. b7 Kd4 61. Kc7 1/2-1/2

[Event "3. Open Pueblo Nuevo"]
[Site "Madrid ESP"]
[Date "2006.10.06"]
[Round "1.8"]
[White "Moratalla Garcia, Joaquin"]
[Black "Holdsworth, Simon Paul"]
[Result "0-1"]
[WhiteElo "1784"]
[BlackElo "2072"]
[PlyCount "132"]
[EventDate "2006.10.06"]
[EventType "swiss"]
[EventRounds "9"]
[EventCountry "ESP"]
[Source "lmi"]
[SourceDate "2006.10.06"]

1. d4 Nf6 2. c4 d6 3. Nc3 g6 4. e4 Bg7 5. Nf3 O-O 6. Be2 Nc6 7. O-O e5 8. dxe5
dxe5 9. Qxd8 Rxd8 10. Bg5 Be6 11. Nd5 Bxd5 12. cxd5 Ne7 13. Nd2 h6 14. Be3 Kh7
15. f3 c6 16. dxc6 Nxc6 17. Nb3 Nb4 18. Kf2 Nc2 19. Rad1 Nxe3 20. Kxe3 Rdc8 21.
Rc1 h5 22. Kf2 Bh6 23. Rxc8 Rxc8 24. Bd3 Ne8 25. Ke2 Nd6 26. Rd1 Rc6 27. Nd2 a6
28. a3 b5 29. Nb1 Nc4 30. Bxc4 Rxc4 31. Nc3 b4 32. axb4 Rxb4 33. Rb1 a5 34. Nd5
Rb3 35. Nc3 f5 36. exf5 gxf5 37. h3 Kg7 38. g4 fxg4 39. fxg4 hxg4 40. hxg4 Kg6
41. Kf3 Bd2 42. Ra1 Bxc3 43. bxc3 Rxc3+ 44. Ke4 Rc5 45. Kf3 Kg5 46. Ra2 Kf6 47.
Ra1 Rc3+ 48. Ke4 Rc4+ 49. Kf3 a4 50. Ra3 Kg5 51. Re3 e4+ 52. Kg3 Rd4 53. Kf2
Kxg4 54. Rg3+ Kf4 55. Rg8 e3+ 56. Ke1 Ke4 57. Re8+ Kd5 58. Re7 Re4 59. Rd7+ Kc4
60. Ra7 Kb3 61. Rb7+ Ka2 62. Ke2 a3 63. Rb8 Ka1 64. Rb7 a2 65. Rb8 Rh4 66. Kxe3
Rh2 0-1

[Event "3. Open Pueblo Nuevo"]
[Site "Madrid ESP"]
[Date "2006.10.06"]
[Round "1.9"]
[White "Gomez Gonzalez, Javier"]
[Black "Gomez Ferrer, Jesus"]
[Result "0-1"]
[WhiteElo "2112"]
[BlackElo "1892"]
[PlyCount "198"]
[EventDate "2006.10.06"]
[EventType "swiss"]
[EventRounds "9"]
[EventCountry "ESP"]
[Source "lmi"]
[SourceDate "2006.10.06"]

1. e4 c5 2. Nf3 d6 3. Bb5+ Bd7 4. Bxd7+ Qxd7 5. O-O Nc6 6. c3 Nf6 7. d4 e5 8.
Re1 h6 9. Na3 Rd8 10. Nc4 b5 11. dxe5 dxe5 12. Qxd7+ Nxd7 13. Ne3 Nb6 14. b3 g6
15. a4 bxa4 16. bxa4 a5 17. Bd2 c4 18. Reb1 Bc5 19. Rb5 Bxe3 20. fxe3 Nd7 21.
Be1 O-O 22. Rd1 f6 23. Nh4 Kf7 24. Rb7 Ke6 25. Rc7 Ne7 26. h3 Rfe8 27. Rb1 Rb8
28. Rd1 Red8 29. Ra7 Nc5 30. Rxd8 Rxd8 31. Rxa5 Nxe4 32. Ra6+ Kf7 33. Kf1 Rd3
34. Ke2 Nxc3+ 35. Bxc3 Rxc3 36. Ra7 Ke6 37. Ra6+ Kf7 38. a5 e4 39. Ra7 Ke6 40.
g4 Rc2+ 41. Kf1 Rh2 42. Ng2 g5 43. Rc7 Nd5 44. Rc6+ Kd7 45. Rxc4 Ke6 46. Rxe4+
Kd6 47. Ra4 Rxh3 48. a6 Nb6 49. Rd4+ Kc7 50. Re4 Rh1+ 51. Ke2 Ra1 52. Re7+ Nd7
53. Re6 Ra2+ 54. Kf1 Ra1+ 55. Kf2 Ra2+ 56. Kg3 Nc5 57. Re7+ Kd6 58. Rh7 Ne4+
59. Kh2 Rxa6 60. Rxh6 Ke5 61. Rh8 Ra2 62. Re8+ Kd5 63. Rd8+ Ke5 64. Rb8 Nf2 65.
Re8+ Kd5 66. Kg3 Ne4+ 67. Kh2 Nf2 68. Kg3 Nxg4 69. Ne1 Ne5 70. Nf3 Nxf3 71.
Kxf3 Ra6 72. Rd8+ Ke5 73. Rb8 Rd6 74. Re8+ Re6 75. Ra8 f5 76. Ra5+ Kf6 77. Ra3
g4+ 78. Kg3 Kg5 79. Rd3 Rh6 80. Kg2 Rh3 81. Ra3 Kf6 82. Kf2 Rh2+ 83. Kg3 Re2
84. Kf4 Rf2+ 85. Kg3 Rf3+ 86. Kg2 Ke5 87. Ra8 Rxe3 88. Ra4 Re4 89. Ra8 Kf4 90.
Ra2 Kg5 91. Ra8 Re2+ 92. Kf1 Rc2 93. Ke1 g3 94. Kf1 f4 95. Kg1 f3 96. Rg8+ Kf4
97. Rf8+ Ke3 98. Re8+ Kd2 99. Rf8 Rc1# 0-1

[Event "3. Open Pueblo Nuevo"]
[Site "Madrid ESP"]
[Date "2006.10.07"]
[Round "2.1"]
[White "Adedeji, Adekola"]
[Black "Martin Prieto, Oscar"]
[Result "0-1"]
[WhiteElo "2109"]
[BlackElo "2163"]
[PlyCount "46"]
[EventDate "2006.10.06"]
[EventType "swiss"]
[EventRounds "9"]
[EventCountry "ESP"]
[Source "lmi"]
[SourceDate "2006.10.06"]

1. e4 c5 2. Nf3 Nf6 3. Nc3 Nc6 4. d4 d5 5. dxc5 d4 6. e5 dxc3 7. Qxd8+ Kxd8 8.
exf6 gxf6 9. b3 e5 10. Be3 Be6 11. O-O-O+ Kc7 12. Ne1 a5 13. a4 f5 14. g3 Be7
15. Bg2 Rad8 16. Rxd8 Rxd8 17. Nd3 f6 18. Rd1 Nd4 19. Bxd4 Rxd4 20. Re1 Bxb3
21. Nxe5 Rxa4 22. Kb1 Ba2+ 23. Kc1 Rb4 0-1

[Event "3. Open Pueblo Nuevo"]
[Site "Madrid ESP"]
[Date "2006.10.07"]
[Round "2.2"]
[White "Sotnikov, Taras"]
[Black "Ruiz Quevedo, Andres"]
[Result "1-0"]
[WhiteElo "1862"]
[BlackElo "1879"]
[PlyCount "46"]
[EventDate "2006.10.06"]
[EventType "swiss"]
[EventRounds "9"]
[EventCountry "ESP"]
[Source "lmi"]
[SourceDate "2006.10.06"]

1. e4 e5 2. Nf3 Nc6 3. Bc4 Bc5 4. c3 Qe7 5. O-O Nf6 6. d4 Bb6 7. d5 Nb8 8. Re1
Bxf2+ 9. Kxf2 Qc5+ 10. Kf1 Qxc4+ 11. Qe2 Qxe2+ 12. Rxe2 d6 13. h3 Nbd7 14. Bg5
h6 15. Bh4 Nh5 16. Nbd2 Nc5 17. Bf2 Nd3 18. b3 O-O 19. Ne1 Nxf2 20. Rxf2 Ng3+
21. Kg1 f5 22. exf5 Rxf5 23. Nc2 Bd7 1-0

[Event "3. Open Pueblo Nuevo"]
[Site "Madrid ESP"]
[Date "2006.10.07"]
[Round "2.5"]
[White "Prieto Honorato, Juan Maria"]
[Black "Gomez Ferrer, Jesus"]
[Result "1-0"]
[WhiteElo "2158"]
[BlackElo "1892"]
[PlyCount "109"]
[EventDate "2006.10.06"]
[EventType "swiss"]
[EventRounds "9"]
[EventCountry "ESP"]
[Source "lmi"]
[SourceDate "2006.10.06"]

1. d4 f5 2. e4 fxe4 3. Nc3 Nf6 4. Bg5 d6 5. f3 e3 6. Bd3 Nc6 7. Nge2 Bd7 8.
Bxe3 e6 9. O-O Qe7 10. b4 Nxb4 11. Rb1 Nbd5 12. Nxd5 Nxd5 13. Bf2 Nb6 14. c4
Bc6 15. Nf4 O-O-O 16. d5 exd5 17. cxd5 Bd7 18. Bb5 Bf5 19. Rb4 g5 20. Re1 Qf7
21. Ne6 Bxe6 22. dxe6 Qe7 23. a4 d5 24. Rb3 Nc4 25. Bd7+ Rxd7 26. exd7+ Qxd7
27. Qd4 Bg7 28. Qxa7 Qc6 29. Qa8+ Kd7 30. Qxb7 Qxb7 31. Rxb7 Ra8 32. Ra7 Rc8
33. Ra6 Bf8 34. Rd1 c6 35. Ra7+ Rc7 36. Rxc7+ Kxc7 37. Rb1 c5 38. Bg3+ Kc6 39.
Rb8 Bg7 40. Rg8 Bd4+ 41. Bf2 Bf6 42. Rc8+ Kd6 43. Rxc5 Bc3 44. Kf1 Nd2+ 45. Ke2
Nc4 46. Kd3 Be5 47. Rxc4 dxc4+ 48. Kxc4 Kc6 49. h3 h5 50. Bd4 Bf4 51. Kd3 Bc7
52. Ke4 Bd8 53. Kf5 Kd5 54. Bf6 Bc7 55. Kxg5 1-0

[Event "3. Open Pueblo Nuevo"]
[Site "Madrid ESP"]
[Date "2006.10.07"]
[Round "2.6"]
[White "Del Barrio Garcia, Alberto"]
[Black "Gomez Gonzalez, Javier"]
[Result "1/2-1/2"]
[WhiteElo "2002"]
[BlackElo "2112"]
[PlyCount "85"]
[EventDate "2006.10.06"]
[EventType "swiss"]
[EventRounds "9"]
[EventCountry "ESP"]
[Source "lmi"]
[SourceDate "2006.10.06"]

1. e4 e5 2. Nf3 Nf6 3. Nxe5 d6 4. Nf3 Nxe4 5. d4 d5 6. Bd3 Nc6 7. O-O Be7 8. c4
Nb4 9. Be2 O-O 10. Nc3 Bf5 11. Bf4 Rc8 12. Rc1 Re8 13. Nxd5 Nxd5 14. cxd5 Qxd5
15. Bc4 Qa5 16. Qb3 Rf8 17. Ne5 Nd6 18. Rfe1 Bf6 19. g4 Be4 20. Bxf7+ Nxf7 21.
Rxe4 Qb6 22. Qc4 Bxe5 23. dxe5 Kh8 24. Be3 Qg6 25. h4 Nd8 26. e6 Nc6 27. h5 Qe8
28. h6 Rf6 29. Qc3 Qg6 30. Qc4 Re8 31. e7 Qf7 32. Qxf7 Rxf7 33. hxg7+ Kxg7 34.
Bg5 h6 35. Bh4 Rf3 36. Kg2 Rd3 37. b4 a6 38. a4 Rd5 39. b5 axb5 40. axb5 Rxb5
41. Rd1 Re5 42. Rf4 R8xe7 43. Bf6+ 1/2-1/2

[Event "3. Open Pueblo Nuevo"]
[Site "Madrid ESP"]
[Date "2006.10.07"]
[Round "2.7"]
[White "Prieto Honorato, Jose Carlos"]
[Black "Salgado Lopez, Oscar"]
[Result "1/2-1/2"]
[WhiteElo "1971"]
[BlackElo "2199"]
[PlyCount "84"]
[EventDate "2006.10.06"]
[EventType "swiss"]
[EventRounds "9"]
[EventCountry "ESP"]
[Source "lmi"]
[SourceDate "2006.10.06"]

1. e4 c5 2. Nf3 e6 3. c3 Nf6 4. Bd3 d5 5. exd5 Nxd5 6. O-O Nc6 7. Bc2 Be7 8. d4
cxd4 9. Nxd4 Bd7 10. Qg4 Nxd4 11. Qxd4 O-O 12. Qe4 f5 13. Qe2 Qc7 14. Nd2 Nf4
15. Qc4 Bc6 16. Nf3 Bd6 17. Bxf4 Bxf4 18. Qxe6+ Kh8 19. Qe2 Rae8 20. Qd1 Rd8
21. Qe2 Rfe8 22. Qc4 b5 23. Qc5 Rd5 24. Qa3 Rd6 25. Rfe1 Red8 26. Rad1 Bxf3 27.
gxf3 Rxd1 28. Rxd1 Rxd1+ 29. Bxd1 Bxh2+ 30. Kg2 Bd6 31. Qb3 g6 32. Qxb5 Kg7 33.
Qd5 Kf6 34. Bb3 h5 35. Qe6+ Kg5 36. Qg8 Bc5 37. Bf7 Qd6 38. f4+ Kxf4 39. Qxg6
Qxg6+ 40. Bxg6 h4 41. f3 Be3 42. c4 a5 1/2-1/2

[Event "3. Open Pueblo Nuevo"]
[Site "Madrid ESP"]
[Date "2006.10.07"]
[Round "2.8"]
[White "Nuñez Muñoz, Jesus"]
[Black "Martinez Garcia, Felipe"]
[Result "1-0"]
[WhiteElo "2184"]
[BlackElo "2028"]
[PlyCount "201"]
[EventDate "2006.10.06"]
[EventType "swiss"]
[EventRounds "9"]
[EventCountry "ESP"]
[Source "lmi"]
[SourceDate "2006.10.06"]

1. e4 e5 2. Nf3 Nf6 3. d4 Nxe4 4. Bd3 d5 5. Nxe5 Nd7 6. Nxd7 Bxd7 7. O-O Qh4 8.
c4 O-O-O 9. c5 g5 10. Be3 f5 11. f3 f4 12. fxe4 fxe3 13. g3 Qh3 14. e5 h5 15.
Qf3 Bh6 16. Nc3 h4 17. Ne2 hxg3 18. Qxg3 Qh5 19. Qf3 g4 20. Qg3 Bg5 21. Nf4 Qh6
22. Ng2 Qg7 23. Nf4 Bh4 24. Qxe3 g3 25. h3 Bg5 26. e6 Bc6 27. Bf5 Rdf8 28. Qd3
Kb8 29. Ng6 Rxf5 30. Rxf5 Be3+ 31. Qxe3 Qxg6 32. Qg5 Qxe6 33. Raf1 b6 34. Rf8+
Rxf8 35. Rxf8+ Kb7 36. Qxg3 Qe4 37. Qc3 Bb5 38. cxb6 axb6 39. Kh2 Qg6 40. Rf2
Bd3 41. Qd2 Qe4 42. Rf4 Qg6 43. Rg4 Qd6+ 44. Qf4 Qb4 45. b3 Be4 46. Rg7 Qc3 47.
Qf2 Qc1 48. Rg1 Qh6 49. h4 Qd6+ 50. Qg3 Qa3 51. Qf2 Qd6+ 52. Rg3 Qh6 53. Rg5
Qd6+ 54. Kh3 Qe6+ 55. Kg3 Qd6+ 56. Qf4 Qb4 57. h5 Qxd4 58. Qf2 Qd3+ 59. Kh4 Qd1
60. Rg1 Qd3 61. h6 Bf5 62. Kg5 Bh7 63. Kf6 Qh3 64. Qf4 Qc3+ 65. Kf7 Qc6 66. Kg7
Be4 67. h7 Qd7+ 68. Qf7 Qxf7+ 69. Kxf7 Bxh7 70. Ke6 Be4 71. b4 b5 72. Ke5 Kb6
73. Kd4 Kc6 74. Ke5 Kb6 75. Rc1 c6 76. Ke6 Bd3 77. Rc5 Be4 78. Kd6 d4 79. Ke5
Bd5 80. Kxd4 Bxa2 81. Ke5 Bb1 82. Kd6 Be4 83. Rh5 Bf3 84. Rh8 Bg2 85. Rb8+ Ka7
86. Kc7 Bd5 87. Rf8 Bg2 88. Rf2 Bd5 89. Rf1 Bb3 90. Kxc6 Bc2 91. Ra1+ Ba4 92.
Ra3 Kb8 93. Kb6 Kc8 94. Rc3+ Kd7 95. Rc5 Kd6 96. Rxb5 Bxb5 97. Kxb5 Kc7 98. Ka6
Kb8 99. Kb6 Ka8 100. b5 Kb8 101. Ka6 1-0

[Event "3. Open Pueblo Nuevo"]
[Site "Madrid ESP"]
[Date "2006.10.08"]
[Round "3.1"]
[White "Aziz Ortego, Omar"]
[Black "Moratalla Garcia, Joaquin"]
[Result "1-0"]
[WhiteElo "2096"]
[BlackElo "1784"]
[PlyCount "41"]
[EventDate "2006.10.06"]
[EventType "swiss"]
[EventRounds "9"]
[EventCountry "ESP"]
[Source "lmi"]
[SourceDate "2006.10.06"]

1. d4 Nf6 2. Nc3 d5 3. Bg5 e6 4. e4 Be7 5. Bxf6 Bxf6 6. Nf3 dxe4 7. Nxe4 O-O 8.
c3 Nd7 9. Bd3 b6 10. Qc2 Bb7 11. O-O-O Re8 12. h4 h6 13. Rh3 Be7 14. g4 Rc8 15.
Kb1 Bxe4 16. Bxe4 Nf6 17. Bc6 Nxg4 18. Rg1 Nf6 19. Qd2 Kf8 20. Rhg3 Nh5 21.
Qxh6 1-0

[Event "3. Open Pueblo Nuevo"]
[Site "Madrid ESP"]
[Date "2006.10.08"]
[Round "3.2"]
[White "Picon Rodriguez, Jose"]
[Black "Fernandez Lledo, Javier"]
[Result "1-0"]
[WhiteElo "2027"]
[BlackElo "1907"]
[PlyCount "47"]
[EventDate "2006.10.06"]
[EventType "swiss"]
[EventRounds "9"]
[EventCountry "ESP"]
[Source "lmi"]
[SourceDate "2006.10.06"]

1. e4 c5 2. Nf3 Nc6 3. d4 cxd4 4. Nxd4 Nf6 5. Nc3 e5 6. Ndb5 d6 7. Bg5 a6 8.
Na3 b5 9. Bxf6 gxf6 10. Nd5 f5 11. c3 fxe4 12. Bxb5 axb5 13. Nxb5 Be6 14. Nbc7+
Kd7 15. Nxa8 Bxd5 16. Qxd5 Qxa8 17. Qxf7+ Ne7 18. O-O Bh6 19. Rad1 e3 20. Qf6
Rg8 21. Qxd6+ Ke8 22. Qd7+ Kf7 23. fxe3+ Kg6 24. Rd6+ 1-0

[Event "3. Open Pueblo Nuevo"]
[Site "Madrid ESP"]
[Date "2006.10.08"]
[Round "3.3"]
[White "Martinez Rubio, Felipe"]
[Black "Alonso Abad, Enrique"]
[Result "0-1"]
[WhiteElo "1904"]
[BlackElo "2132"]
[PlyCount "74"]
[EventDate "2006.10.06"]
[EventType "swiss"]
[EventRounds "9"]
[EventCountry "ESP"]
[Source "lmi"]
[SourceDate "2006.10.06"]

1. d4 d5 2. c4 c6 3. Nf3 Nf6 4. cxd5 cxd5 5. Nc3 Nc6 6. e3 g6 7. Qb3 Bg7 8. Be2
O-O 9. O-O Na5 10. Qb4 Re8 11. Ne5 Nc6 12. Nxc6 bxc6 13. Na4 Bf5 14. Nc5 Qb6
15. Qa3 e5 16. dxe5 Rxe5 17. Nd3 Ree8 18. Qc5 Qc7 19. h3 Ne4 20. Qa3 Rab8 21.
Rd1 Nd6 22. Nc5 Nb5 23. Qa4 Qb6 24. Bxb5 cxb5 25. Qa3 b4 26. Qb3 Qxc5 27. Rxd5
Qc2 28. Ra5 Red8 29. Qxc2 Bxc2 30. Rc5 Rbc8 31. Rb5 Rd1+ 32. Kh2 Bf5 33. g4 Be6
34. Rxb4 Rcxc1 35. Rxc1 Rxc1 36. Rb8+ Rc8 37. Rb7 a5 0-1

[Event "3. Open Pueblo Nuevo"]
[Site "Madrid ESP"]
[Date "2006.10.08"]
[Round "3.4"]
[White "Martin Prieto, Oscar"]
[Black "Martinez Garcia, Felipe"]
[Result "1-0"]
[WhiteElo "2163"]
[BlackElo "2028"]
[PlyCount "65"]
[EventDate "2006.10.06"]
[EventType "swiss"]
[EventRounds "9"]
[EventCountry "ESP"]
[Source "lmi"]
[SourceDate "2006.10.06"]

1. e4 e5 2. c4 g6 3. Nc3 Bg7 4. g3 Ne7 5. Bg2 O-O 6. Nge2 c6 7. O-O Na6 8. d4
exd4 9. Nxd4 Nc7 10. Bf4 Ne6 11. Nxe6 dxe6 12. Qxd8 Rxd8 13. Rfd1 Bd7 14. Bc7
Rac8 15. Bxd8 Rxd8 16. Rd3 Kf8 17. Rad1 Ke8 18. Na4 b6 19. f4 e5 20. c5 b5 21.
Nc3 a6 22. f5 Bf6 23. g4 Ng8 24. b4 h6 25. Ne2 Bc8 26. Nc1 Be7 27. Rxd8+ Bxd8
28. Rd6 Nf6 29. fxg6 fxg6 30. Nd3 Nxg4 31. Rxc6 Bb7 32. Rxg6 Bg5 33. c6 1-0

[Event "3. Open Pueblo Nuevo"]
[Site "Madrid ESP"]
[Date "2006.10.08"]
[Round "3.5"]
[White "Gomez Ferrer, Jesus"]
[Black "Adedeji, Adekola"]
[Result "1/2-1/2"]
[WhiteElo "1892"]
[BlackElo "2109"]
[PlyCount "105"]
[EventDate "2006.10.06"]
[EventType "swiss"]
[EventRounds "9"]
[EventCountry "ESP"]
[Source "lmi"]
[SourceDate "2006.10.06"]

1. e4 e5 2. Nf3 Nc6 3. d4 exd4 4. Bc4 Be7 5. O-O d6 6. Nxd4 Nxd4 7. Qxd4 Nf6 8.
Nc3 O-O 9. h3 c6 10. a4 Qc7 11. Bf4 Nd7 12. Rad1 Ne5 13. Bxe5 dxe5 14. Qe3 b6
15. Rd3 Rd8 16. Rfd1 Rxd3 17. Rxd3 Bc5 18. Qg3 Qe7 19. Qf3 Be6 20. Bxe6 Qxe6
21. Qd1 g6 22. Qd2 Kg7 23. Ne2 Qc4 24. Ng3 h6 25. b3 Qe6 26. h4 h5 27. Qg5 Be7
28. Nf5+ Qxf5 29. Qxe7 Qxe4 30. Re3 Qd4 31. Qxe5+ Qxe5 32. Rxe5 Kf6 33. f4 Rd8
34. Re2 Rd5 35. g3 c5 36. Kf2 Rd1 37. Ke3 Kf5 38. Kf3 f6 39. Rf2 Rd4 40. Re2 a6
41. Rf2 c4 42. Ke3 Re4+ 43. Kf3 c3 44. Rf1 Rd4 45. Rf2 Rd2 46. Re2 Rxe2 47.
Kxe2 Kg4 48. Kf2 a5 49. Kg2 f5 50. Kf2 Kh3 51. Kf3 Kh2 52. Kf2 Kh1 53. Kf1
1/2-1/2

[Event "3. Open Pueblo Nuevo"]
[Site "Madrid ESP"]
[Date "2006.10.08"]
[Round "3.6"]
[White "Holdsworth, Simon Paul"]
[Black "Prieto Honorato, Jose Carlos"]
[Result "1/2-1/2"]
[WhiteElo "2072"]
[BlackElo "1971"]
[PlyCount "100"]
[EventDate "2006.10.06"]
[EventType "swiss"]
[EventRounds "9"]
[EventCountry "ESP"]
[Source "lmi"]
[SourceDate "2006.10.06"]

1. f4 d6 2. Nf3 g6 3. e4 Bg7 4. d4 Nf6 5. Bd3 Nc6 6. O-O O-O 7. c4 Bg4 8. Be3
Nb4 9. a3 Nxd3 10. Qxd3 b6 11. Nc3 c5 12. d5 a6 13. h3 Bd7 14. e5 Bf5 15. Qd2
Ne4 16. Nxe4 Bxe4 17. Ng5 Bf5 18. g4 h6 19. gxf5 hxg5 20. fxg5 Bxe5 21. Qf2 Kg7
22. Rad1 f6 23. Qg2 Qe8 24. h4 Rh8 25. Qg4 fxg5 26. Bxg5 Bf6 27. Rde1 Qf7 28.
Re6 Raf8 29. fxg6 Qxg6 30. Bxf6+ exf6 31. Qxg6+ Kxg6 32. Rf4 b5 33. b3 bxc4 34.
bxc4 Rd8 35. Rfxf6+ Kg7 36. Rf4 Rhe8 37. Rfe4 Rxe6 38. Rxe6 Rh8 39. Re4 Rb8 40.
Kf2 Rb3 41. Re3 Rb2+ 42. Kf3 Rc2 43. Re6 Rxc4 44. Rxd6 Rxh4 45. Rxa6 Rd4 46. d6
Kf7 47. Ke3 Ke6 48. a4 Rxd6 49. Rxd6+ Kxd6 50. Kd3 Kc6 1/2-1/2

[Event "3. Open Pueblo Nuevo"]
[Site "Madrid ESP"]
[Date "2006.10.08"]
[Round "3.7"]
[White "Sotnikov, Taras"]
[Black "Nuñez Muñoz, Jesus"]
[Result "0-1"]
[WhiteElo "1862"]
[BlackElo "2184"]
[PlyCount "78"]
[EventDate "2006.10.06"]
[EventType "swiss"]
[EventRounds "9"]
[EventCountry "ESP"]
[Source "lmi"]
[SourceDate "2006.10.06"]

1. e4 c5 2. Nf3 Nc6 3. d4 cxd4 4. Nxd4 Nf6 5. Nc3 d6 6. Bg5 e6 7. Be2 Be7 8.
O-O O-O 9. Kh1 a6 10. a4 Qc7 11. f4 Bd7 12. Bf3 Rfe8 13. Re1 Rac8 14. Nb3 b6
15. Qd2 Rcd8 16. Rad1 Bc8 17. Qe3 Nb4 18. Rd2 Bb7 19. Red1 Nc6 20. Bh4 Na5 21.
Nxa5 bxa5 22. Bf2 Nd7 23. f5 Ne5 24. Be2 Bc6 25. Bxa6 exf5 26. exf5 Bxg2+ 27.
Kxg2 Qc6+ 28. Nd5 Qxa6 29. Nxe7+ Rxe7 30. b3 Qb7+ 31. Rd5 Rde8 32. Kf1 Ng4 33.
Qg3 Nf6 34. R5d3 Qh1+ 35. Qg1 Qe4 36. Re3 Qxc2 37. Rxd6 Qc1+ 38. Ke2 Rxe3+ 39.
Bxe3 Qxg1 0-1